Normal view
MARC view
- Syed Muhammad Ali
Entry Personal Name
001 - CONTROL NUMBER
- control field: 9535
003 - CONTROL NUMBER IDENTIFIER
- control field: NUST
005 - DATE AND TIME OF LATEST TRANSACTION
- control field: 20180122162600.0
008 - FIXED-LENGTH DATA ELEMENTS
- fixed length control field: 180122|| aca||aabn | a|a d
040 ## - CATALOGING SOURCE
- Original cataloging agency: NUST
- Transcribing agency: NUST
100 ## - HEADING--PERSONAL NAME
- Personal name: Syed Muhammad Ali
670 ## - SOURCE DATA FOUND
- Source citation: Work cat.: (NUST)321584: Syed Muhammad Ali, Encyclopedia of Folklore Northern Area, 2010
